000 00706nam a2200229Ia 4500
003 OSt
005 20220207155903.0
008 210716s1989 xx 000 0 und d
020 _a0256225121
040 _cAIMIT LIBRARY
041 _aeng
082 _a658.4
_21
_bKRER
100 _aKreitner, Robert.
_917352
245 _aOrganizational behavior /
_cBy Robert Kreitner and Angelo Kinicki.
250 _a1st ed.
260 _aBoston :
_bIrwin ,
_c1989.
300 _aXvii, 686p. ; 24 cm.
650 _aUnderstanding and managing individual behavior
_917353
650 _aUnderstanding and managing group processes
_917354
700 _aKinicki, Angelo.
_917355
942 _2ddc
_cBK
_e1st
_k658.4 KRER
999 _c200735
_d200735